000 00326nam a2200133Ia 4500
008 230917s9999||||xx |||||||||||||| ||und||
040 _e90715
_aMAIN
041 _aEnglish
082 _a617 K527L
100 _aKhatana, Parkash Singh
245 0 _aLymphatic involvement in buerger's diseases
300 _a78 p.
942 _cTH
999 _c49615
_d49615